• 首页
  • 本馆介绍
  • 公告通知
  • 最新文献
  • 馆藏检索
  • 电子资源
  • 读者荐购
  • 参考咨询
  • CALIS
  • 我的图书馆
  • 登录
  • 详细信息显示
  • 放入我的书架
  • 预约/预借图书
  • 作者相关作品
  • 分类相关作品
  • 丛书相关作品
  • 出版社相关作品

书目信息

  • 表格格式
  • 工作单格式
  • 卡片格式
题名:
建筑制图习题集
    
 
作者: 金方 编著
分册:  
出版信息: 北京   中国建筑工业出版社  2010.08
页数: 60页
开本: 26×37cm
丛书名:
单 册:
中图分类: TU204-44
科图分类:
主题词: 建筑制图--高等教育--习题
电子资源:
ISBN: 978-7-112-11781-9
 
 
 
 
 
000 00977nam0 2200265 450
001 1254317650
005 20120408150551.15
010    @a978-7-112-11781-9@dCNY22.00
100    @a20101009d2010 y0chiy0110 ea
101 0  @achi
102    @aCN@b110000
105    @aa q 000yy
106    @ad
200 1  @a建筑制图习题集@9jian zhu zhi tu xi ti ji@dArchitecture graphics exercise collection@f金方编著@zeng
205    @a2版
210    @a北京@c中国建筑工业出版社@d2010.08
215    @a60页@d26×37cm
300    @a普通高等教育“十一五”国家级规划教材 高校建筑学专业指导委员会规划推荐教材
330    @a本书内容包括建立在投影概念基础之上的画法几何基本内容,建筑图的画法及基本制图规范;轴测图、透视图的绘制原理及在建筑表达上的应用;阴影的作法及应用等。
510 1  @aArchitecture graphics exercise collection@zeng
606 0  @a建筑制图@x高等教育@x习题
690    @aTU204-44@v4
701  0 @a金方@9jin fang@4编著
801  0 @aCN@bSG08@c20101026
905    @aZUCC@dTU204-44@eJ7621=2
    
    建筑制图习题集=Architecture graphics exercise collection/金方编著.-2版.-北京:中国建筑工业出版社,2010.08
    60页;26×37cm
    普通高等教育“十一五”国家级规划教材 高校建筑学专业指导委员会规划推荐教材
    
    ISBN 978-7-112-11781-9:CNY22.00
    本书内容包括建立在投影概念基础之上的画法几何基本内容,建筑图的画法及基本制图规范;轴测图、透视图的绘制原理及在建筑表达上的应用;阴影的作法及应用等。
●
相关链接 在E读中查询图书 在当当中查询图书 在豆瓣中查询图书


正题名:建筑制图习题集     索取号:TU204-44/J7621=2         预约/预借

序号 登录号 条形码 馆藏地/架位号 状态 备注
1 486036   204860365   土木与交通工程学院资料室/ [索取号:TU204-44/J7621=2] 在馆    
河南城建学院图书馆 欢迎您!
大连网信软件有限公司© 版权所有